000 00395nam a22001577a 4500
005 20240719094527.0
008 240719b |||||||| |||| 00| 0 eng d
020 _a1-56676-737-7
022 _a1-56676-773-3
050 _a501867
100 _aKURT FRISCH
245 _aRECYCLING OF POLYURETHANES
250 _a1
260 _aTECHNOMIC PUBLISHING
_bLANCASTER BASEL
_c1999
942 _2lcc
_cBK
999 _c210696
_d210696